Controladores PID de 2GdL robustos para modelos no sincrónicos de primer orden
Salvato in:
| Autore principale: | |
|---|---|
| Natura: | Libro |
| Lingua: | Spanish |
| Pubblicazione: |
[San José], Costa Rica
2012
|
| Soggetti: | |
| Tags: |
Aggiungi Tag
Nessun Tag, puoi essere il primo ad aggiungerne!!
|
MARC
| LEADER | 00000nam a22000007a 4500 | ||
|---|---|---|---|
| 003 | 011689 | ||
| 005 | 20230623111944.0 | ||
| 008 | 151006b2012 cr a|||| |||| 00| ||spa d | ||
| 040 | |c cru CEDI | ||
| 100 | |9 739 |a Espinoza Bolaños, Mauricio, 1986- | ||
| 245 | |a Controladores PID de 2GdL robustos para modelos no sincrónicos de primer orden | ||
| 260 | |a [San José], Costa Rica |c 2012 | ||
| 500 | |a Tesis (licenciatura en ingeniería eléctrica)--Universidad de Costa Rica. Facultad de Ingeniería. Escuela de Ingeniería Eléctrica | ||
| 650 | |x CONTROLADORES PID |x CONTROLADORES LOGICOS PROGRAMABLES |x ALGORITMOS |x REGULADORES ELECTRICOS |9 1331 | ||
| 942 | |c CEDI |h TFG 6859 |6 TFG_6859_000000000000000 | ||
| 999 | |c 14085 |d 14085 | ||
